| 000 | 01334cam a22002054a 4500 | ||
|---|---|---|---|
| 005 | 20250605164125.0 | ||
| 008 | 250528s ||||||||||||||||||||||||d | ||
| 035 | _a18425 | ||
| 020 | _a9603512427 | ||
| 040 |
_aGR-AtMCL _bgre _dGR-AtMCL _eAACR2 |
||
| 245 | 1 |
_aΠεριγραφική και Διερευνητική Στατιστική Ανάλυση Δεδομένων / Μονοδιάστατη Ανάλυση. _nΤόμος Ι |
|
| 260 |
_bΣταμούλης Α, _c1999 |
||
| 300 | _a384 | ||
| 520 | _aΔεδομένα και Στατιστική: Μια Πρώτη Ματιά, Μεταβλητές και Κλίμακες Μέτρησης, Αριθμητικές και Γραφικές Τεχνικές Περιγραφής Ονομαστικών Δεδομένων, Αριθμητικές και Γραφικές Τεχνικές Περιγραφής Αριθμητικών Δεδομένων, Γραφική Απεικόνιση Χρονοσειρών και Περιφερειακών Δεδομένων, Μέτρα Κεντρικής Τάσης και Θέσης, Μέτρα Κύμανσης, Μέτρα Ασυμμετρίας και Κύρτωσης. | ||
| 700 | 1 |
_aΓεωργιακώδης Φώτης Α _94697 |
|
| 700 | 1 |
_aΤσίμπος Κλέων Χ _94614 |
|
| 942 | _cBK | ||
| 999 |
_c3786 _d3786 |
||